Statistics for Largest European Cities on a Map by Letter - B

Click here to take the quiz!

General Stats

  • This quiz has been taken 294 times
  • The average score is 23 of 38

Answers on the Map

Answers color-coded by a green-red scale on the quiz's map according to % correct below.
 

Answer Stats

Pop.City% Correct
3.66mBerlin
100%
1.17mBirmingham
99%
1.62mBarcelona
98%
1.85mBucharest
98%
1.75mBudapest
98%
337kBelfast
95%
1.20mBelgrade
91%
392kBologna
91%
345kBilbao
90%
258kBordeaux
90%
182kBrussels
90%
432kBratislava
89%
281kBergen
88%
582kBristol
84%
572kBremen
83%
325kBari
82%
379kBrno
75%
249kBrighton and Hove
70%
327kBonn
68%
208kBournemouth
60%
365kBradford
54%
333kBielefeld
49%
352kBrest
47%
366kBochum
45%
198kBrescia
44%
202kBurgas
41%
184kBreda
36%
204kBolton
35%
249kBraunschweig
35%
351kBydgoszcz
35%
298kBiałystok
34%
230kBrașov
31%
404kBryansk
30%
396kBelgorod
27%
217kBadalona
26%
209kBila Tserkva
14%
218kBabruysk
12%
485kBalashikha
10%

Score Distribution

Percentile by Number Answered

Percent of People with Each Score

Your Score History

You have not taken this quiz